| 000 | 00526nam a2200169Ia 4500 | ||
|---|---|---|---|
| 005 | 20250923144621.0 | ||
| 008 | 008 250917s9999 xx 000 0 eng d | ||
| 037 | _aTextual | ||
| 040 |
_aDSWL _beng _cDSWL |
||
| 041 |
_aeng _2eng |
||
| 084 |
_aYXN54V, N33 _qDSWL |
||
| 245 | 0 |
_aToward solviung the puzzle _cby Massachusetts Community Organisation |
|
| 260 |
_aBoston _b Massachusetts Community Organisation source _c1933 |
||
| 300 | _axv,291p. | ||
| 942 |
_cTEXL _hYXN54V, N33 |
||
| 999 |
_c1441221 _d1441221 |
||